| 000 | 00642nam a2200229 a 4500 | ||
|---|---|---|---|
| 001 | 73177 | ||
| 003 | BD-RjUL | ||
| 005 | 20211209082346.0 | ||
| 008 | 170528s1993 enk 001 0 eng d | ||
| 020 | _a0333480775 | ||
| 035 | _a(BD-RjUL)73395 | ||
| 040 |
_aBD-RjUL _beng _cBD-RjUL |
||
| 041 | _aeng | ||
| 082 |
_223 _a621.3815 _bSIE 1993 |
||
| 100 | 1 |
_aSilvester, Peter, _d1938- _9216460 |
|
| 245 | 1 | 0 |
_aElectric circuits / _cPeter Silvester |
| 260 |
_aBasingstoke : _bMacmillan, _cc1993 |
||
| 300 |
_axi, 458 p. : _bill. ; _c25 cm |
||
| 650 | 0 |
_aElectric circuits _9216461 |
|
| 830 | 0 |
_aFoundations of engineering _9216463 |
|
| 942 |
_2ddc _cBK |
||
| 999 |
_c73177 _d73177 |
||